Argentina : la organización nacional /
Guardado en:
| Autor Principal: | |
|---|---|
| Otros Autores: | |
| Formato: | Libro |
| Publicado: |
Buenos Aires :
Paidós,
1972
|
| Series: | Colección Historia Argentina; volumen 4 / dirigida por Tulio Halperin Dongui
|
| Materias: | |
| Etiquetas: |
Agregar Etiqueta
Sin Etiquetas, Sea el primero en etiquetar este registro!
|
| LEADER | 01838nam a22002655a 4500 | ||
|---|---|---|---|
| 001 | CEM.cems003143 | ||
| 005 | 20100531125424.0 | ||
| 008 | 130507s1972##################000#0#####d | ||
| 003 | CEMS | ||
| 082 | 0 | 4 | |a 982 |
| 100 | 1 | |a Gorostegui de Torres, Haydeé | |
| 245 | 1 | 0 | |a Argentina : |b la organización nacional / |c Haydeé Gorostegui de Torres |
| 260 | |a Buenos Aires : |b Paidós, |c 1972 | ||
| 300 | |a 140 p. | ||
| 490 | 0 | |a Colección Historia Argentina; volumen 4 / dirigida por Tulio Halperin Dongui | |
| 505 | 0 | |a Evolución política y crónica del período -- La economía -- Apogeo de la Argentina tradicional y beneficios de la coyuntura. Avance de la unificación económica -- Comienzos de la modernización económico-social: colonización y transportes -- El conflicto: las alternativas en el equilibrio político -- Primeras etapas del nuevo estado nacional (1862-1874) -- Reorganización política -- Guerras civiles y guerra del Paraguay -- Presidencia de Sarmiento -- Creación de los organismos del nuevo Estado -- El problema de Buenos Aires -- Modernización jurídica y política. Los códigos -- La modernización económica -- Transportes y colonización -- Los avances del nuevo litoral -- Economía argentina y economía mundial: las nuevas inversiones -- Economía y demografía: inmigración extranjera, migraciones internas, equilibrio urbano-rural | |
| 653 | |a Historia | ||
| 653 | |a Historia argentina | ||
| 653 | |a Historia de américa | ||
| 653 | |a Organización nacional | ||
| 700 | 1 | |a Halperin Dongui, Tulio, dir. | |
| 859 | |a CEMS |b BIB. CEMS - 11 de abril |h 982 |i H164 |p 12343.83 |t Ej.2 |v 4 |3 4 | ||
| 859 | |a CEMS |b BIB. CEMS - 11 de abril |h 982 |i H164 |p 12344.83 |t Ej.3 |v 4 |3 4 | ||
| 859 | |a CEMS |b BIB. CEMS - 11 de abril |h 982 |i H164 |p 3534.75 |t Ej.1 |v 4 |3 4 | ||
| 859 | |a CEMS |b BIB. CEMS - 11 de abril |h 982 |i H164 |p 8745.81 |t Ej.4 |v 4 |3 4 | ||
